<?xml version="1.0" encoding="UTF-8"?>
<collection xmlns="http://www.loc.gov/MARC21/slim">
 <record>
  <leader>01092nam a22001935  4500</leader>
  <controlfield tag="001">1/23147</controlfield>
  <controlfield tag="008">040322s1999    gr            101 0 gre  </controlfield>
  <datafield tag="020" ind1=" " ind2=" ">
   <subfield code="a">9601501487</subfield>
  </datafield>
  <datafield tag="035" ind1=" " ind2=" ">
   <subfield code="l">24682</subfield>
  </datafield>
  <datafield tag="040" ind1=" " ind2=" ">
   <subfield code="a">GR-PeUP</subfield>
  </datafield>
  <datafield tag="082" ind1="0" ind2="0">
   <subfield code="a">346.495 ΠΑΝ</subfield>
  </datafield>
  <datafield tag="111" ind1="2" ind2=" ">
   <subfield code="a">Πανελλήνιο Συνέδ́ριο Ελλήνων Εμπορικολόγων</subfield>
   <subfield code="n">(8o :</subfield>
   <subfield code="d">1998 :</subfield>
   <subfield code="c">Δελφοί, Ελλάδα)</subfield>
  </datafield>
  <datafield tag="245" ind1="1" ind2="2">
   <subfield code="a">Η Διαφήμιση και οι Κώδικες Δεοντολογίας :</subfield>
   <subfield code="b">8ο Πανελλήνιο Συνέδ́ριο Ελλήνων Εμπορικολόγων, Δελφοι ́5-7 Νοεμβρίου 1998 /</subfield>
   <subfield code="c">Σύνδεσμος Ελλήνων Εμπορικολόγων</subfield>
  </datafield>
  <datafield tag="260" ind1=" " ind2=" ">
   <subfield code="a">Αθήνα-Κομοτηνή:</subfield>
   <subfield code="b">Αντ. Ν. Σάκκουλα,</subfield>
   <subfield code="c">1999</subfield>
  </datafield>
  <datafield tag="300" ind1=" " ind2=" ">
   <subfield code="a">367 σ.;</subfield>
   <subfield code="c">24 εκ.</subfield>
  </datafield>
  <datafield tag="650" ind1=" " ind2="4">
   <subfield code="a">Εμπορικό δίκαιο</subfield>
   <subfield code="z">Ελλάδα</subfield>
   <subfield code="x">Συνέδρια.</subfield>
  </datafield>
  <datafield tag="650" ind1=" " ind2="4">
   <subfield code="a">Διαφήμιση.</subfield>
  </datafield>
  <datafield tag="710" ind1="2" ind2=" ">
   <subfield code="a">Σύνδεσμος Ελλήνων Εμπορικολόγων.</subfield>
  </datafield>
  <datafield tag="852" ind1=" " ind2=" ">
   <subfield code="a">INST</subfield>
   <subfield code="b">UNIPILB</subfield>
   <subfield code="c">MAIN</subfield>
   <subfield code="e">20041011</subfield>
   <subfield code="h">346.495 ΠΑΝ</subfield>
   <subfield code="p">00144157</subfield>
   <subfield code="q">00144157</subfield>
   <subfield code="t">LOAN</subfield>
   <subfield code="y">0</subfield>
   <subfield code="4">1</subfield>
  </datafield>
 </record>
</collection>
